Formación del personal que labora en la producción de estadísticas de población en el Comité Estatal de Estadísticas de la República de Cuba
Guardado en:
| Hovedforfatter: | |
|---|---|
| Format: | Texto |
| Udgivet: |
La Habana:
Comité Estatal de Estadísticas. Instituto de Investigaciones Estadísticas
|
| Tags: |
Tilføj Tag
Ingen Tags, Vær først til at tagge denne postø!
|
MARC
| LEADER | 00000 a a2200000 04500 | ||
|---|---|---|---|
| 001 | 21860 | ||
| 003 | |||
| 040 | |||
| 090 | |a 025700 | ||
| 100 | |a Alfonso Fraga, Juan Carlos | ||
| 245 | |a Formación del personal que labora en la producción de estadísticas de población en el Comité Estatal de Estadísticas de la República de Cuba | ||
| 260 | |a La Habana: |b Comité Estatal de Estadísticas. Instituto de Investigaciones Estadísticas | ||
| 300 | |a 20 p. | ||
| 999 | |c 8269 |d 8269 | ||
